000 00507nam a22001937a 4500
003 OSt
005 20161026150558.0
008 161026b xxu||||| |||| 00| 0 eng d
020 _a9780521143561
040 _cDDC.
082 _a530.141PAS 2007.
100 _aPaschos,A.Emmanuel;
_911250
245 _aElectroweak Theory.
260 _aCambridge;
_bCambridge University Press.
_c2007.
300 _axii,245p;
_bill:
_c23cm.
504 _aincludes index.
650 _aPhysics.
_9809
942 _2ddc
_cO_SHELF
999 _c5379
_d5379